| 000 | 00476 a2200169 4500 | ||
|---|---|---|---|
| 020 | _a9780199569090 | ||
| 022 | _a9780199569090 | ||
| 082 | _a327.101 | ||
| 090 |
_c6669 _d6669 |
||
| 100 | _aBaylis,John | ||
| 245 |
_aThe Globalization of World Politics. _bAn Introduction to International relations . _cJohn Baylis. |
||
| 250 | _a5th. | ||
| 260 |
_aNew York. _bOxford university Press. _c2011. |
||
| 300 | _a636p. | ||
| 500 | _aPaper cover | ||
| 942 |
_aNBS _cBK _k327.101 BAY |
||
| 999 |
_c349020 _d349020 |
||